Miss Child Has Gone Wild! (Record no. 114653)

MARC details
000 -LÍDER
campo de controle de tamanho fixo 00538 a2200217 4500
001 - NÚMERO DE CONTROLE
campo de controle 114653
020 ## - ISBN - INTERNATIONAL STANDARD BOOK NUMBER
ISBN - International Standard Book Number 9780545393386
041 ## - CÓDIGO DE IDIOMA
Código do idioma do texto/trilha sonora ou título diferente eng
082 ## - CDD - CLASSIFICAÇÃO DECIMAL DE DEWEY
Número de Classificação [Fic]
040 ## - FONTE DA CATALOGAÇÃO
Instituição da catalogação original BR-BrIDEA
Instituição que transcreveu o registro BR-BrIDEA
090 ## - NÚMERO DE CHAMADA LOCAL
Número de chamada (OCLC) (R); Número de chamada, CALL (RLIN) (NR) Year 4 [Fic]
Número Cutter local (OCLC); Número de classificação do livro, CALL (RLIN) GUT
100 ## - ENTRADA PRINCIPAL--NOME PESSOAL
Nome pessoal Gutman, Dan.
250 ## - EDIÇÃO
Edição . ed.
245 10 - TÍTULO
Título Miss Child Has Gone Wild!
Indicação de responsabilidade, etc. Dan Gutman
260 ## - PUBLICAÇÃO, DISTRIBUIÇÃO, ETC.
Local de publicação, distribuição, etc. New York
Nome do editor, distribuidor, etc. Scholastic
Data da publicação, distribuição, etc. 2011
490 ## - TÍTULO DA SÉRIE
Título da série My weirder School
697 ## - ENTRADA DE ASSUNTO LOCAL--ENTIDADE COLETIVA (RLIN)
Nome corporativo ou nome da jurisdição Children and Youth Literature.
830 ## - ENTRADA SECUNDÁRIA DE SÉRIE--TÍTULO UNIFORME
Título uniforme My weirder School
856 ## - LOCALIZAÇÃO ELETRÔNICA E ACESSO
Uniform Resource Identifier <a href="000026/0000267a.jpg">000026/0000267a.jpg</a>
942 ## - ELEMENTOS DE ENTRADA ADICIONADOS (KOHA)
Tipo de material Koha Livros
Holdings
Situação do descarte Situação das perdas Fonte da classificação ou esquema de arquivamento na estante Situação física Não pode ser emprestado Biblioteca de origem Biblioteca atual Data de aquisição Total de empréstimos Número de chamada completo Código de barras Data de último acesso Data do preço efetivo Tipo de material Koha
    Classificação Decimal de Dewey     ECB - SUDOESTE ECB - SUDOESTE 26/02/2013     00000546SSW 23/01/2024 23/01/2024 Livros
    Classificação Decimal de Dewey     ECB - ÁGUAS CLARAS ECB - ÁGUAS CLARAS 21/05/2015   A Year 4 [Fic] GUT 00015544AGC 23/01/2024 23/01/2024 Livros